Teoretické prístupy ekonomického cyklu - východisko pre pochopenie súčasných krízových procesov

Zásadné názory a prístupy k riešeniu problému recesie a finančnej krízy. Prístup neoklasickej školy ekonómie. Schumpeterov makroekonomický pohľad. Hospodársky cyklus v Keynesovej teórii. Prístup rakúskej školy. Neokeynesovstvo a postkeynesovstvo. Monetarizmus. Nová klasická makroekonómia. Nové keyne...

Descripción completa

Guardado en:
Detalles Bibliográficos
Autor principal: Čaplánová, Anetta, 1967-
Otros Autores: Šujanský, Miloš
Formato: Capítulo de libro
Lenguaje:eslovaco
Materias:
Etiquetas: Agregar Etiqueta
Sin Etiquetas, Sea el primero en etiquetar este registro!

MARC

LEADER 00000naa a2200000 4500
001 0136449
005 20240502072528.6
041 0 |a slo 
044 |a SK 
245 1 0 |a Teoretické prístupy ekonomického cyklu - východisko pre pochopenie súčasných krízových procesov  |c Anetta Čaplánová, Miloš Šujanský 
520 |a Zásadné názory a prístupy k riešeniu problému recesie a finančnej krízy. Prístup neoklasickej školy ekonómie. Schumpeterov makroekonomický pohľad. Hospodársky cyklus v Keynesovej teórii. Prístup rakúskej školy. Neokeynesovstvo a postkeynesovstvo. Monetarizmus. Nová klasická makroekonómia. Nové keynesovstvo. 
610 2 0 |a cykly hospodárske 
610 2 0 |a teórie ekonomické 
610 2 0 |a kríza finančná 
610 2 0 |a keynesizmus 
610 2 0 |a makroekonomika 
610 2 0 |a monetarizmus 
610 2 0 |a škola klasická 
100 1 |a Čaplánová, Anetta, 1967- 
700 1 |a Šujanský, Miloš